[Event "Monsaraz Rapid op"]
[Site "Monsaraz POR"]
[Date "2023.11.25"]
[Round "9.12"]
[White "Spraggett, Kevin"]
[Black "Meira, JoaPP"]
[Result "1-0"]
[WhiteElo "2480"]
[BlackElo "1956"]
[PlyCount "57"]
[EventDate "2023.11.25"]
[EventType "swiss (rapid)"]
[EventRounds "9"]
[EventCountry "POR"]
[Source "ChessMix"]
[SourceDate "2023.12.01"]

1. d4 d5 2. c4 c6 3. Nf3 Nf6 4. e3 e6 5. Bd3 Nbd7 6. O-O dxc4 7. Bxc4 b5 8. Bd3
Bb7 9. e4 a6 10. e5 Nd5 11. a4 b4 12. Bg5 Be7 13. Bxe7 Qxe7 14. Nbd2 c5 15. Nc4
O-O 16. Nd6 Rfb8 17. dxc5 h6 18. Nxb7 Nxe5 19. Nxe5 Rxb7 20. Rc1 Rc7 21. Qf3
Raa7 22. c6 Qd6 23. Qg3 f6 24. Nd7 Nf4 25. Rfd1 Rxc6 26. Nxf6+ Kh8 27. Rxc6
Qxc6 28. Qxf4 gxf6 29. Qb8+ 1-0

[Event "Monsaraz op"]
[Site "Monsaraz POR"]
[Date "2023.11.21"]
[Round "1.7"]
[White "Spraggett, Kevin"]
[Black "Ansari, Athar"]
[Result "1-0"]
[WhiteElo "2480"]
[BlackElo "1908"]
[PlyCount "61"]
[EventDate "2023.11.21"]
[EventType "swiss"]
[EventRounds "9"]
[EventCountry "POR"]
[Source "ChessMix"]
[SourceDate "2023.12.01"]

1. d4 d5 2. Nf3 Nf6 3. c4 c6 4. e3 e6 5. Bd3 Nbd7 6. O-O Bd6 7. Nc3 b6 8. e4
dxe4 9. Nxe4 Be7 10. Nc3 Qc7 11. Re1 Bb7 12. a4 Bb4 13. Bd2 Bd6 14. a5 Rd8 15.
Qe2 Bf4 16. b4 Bxd2 17. Qxd2 O-O 18. axb6 axb6 19. c5 Ra8 20. h3 Rxa1 21. Rxa1
Rd8 22. Re1 bxc5 23. dxc5 Nd5 24. Nxd5 exd5 25. Re7 f6 26. Qe3 Bc8 27. Qe6+ Kh8
28. Qf7 Rg8 29. Re8 Rxe8 30. Qxe8+ Nf8 31. Qxf8# 1-0

[Event "Monsaraz op"]
[Site "Monsaraz POR"]
[Date "2023.11.22"]
[Round "2.7"]
[White "Pon, Matt"]
[Black "Spraggett, Kevin"]
[Result "0-1"]
[WhiteElo "2185"]
[BlackElo "2480"]
[PlyCount "80"]
[EventDate "2023.11.21"]
[EventType "swiss"]
[EventRounds "9"]
[EventCountry "POR"]
[Source "ChessMix"]
[SourceDate "2023.12.01"]

1. d4 Nf6 2. Nf3 e6 3. g3 c5 4. c4 a6 5. Bg2 cxd4 6. Nxd4 Qc7 7. b3 Bb4+ 8. Bd2
Be7 9. Nc3 d6 10. Rc1 O-O 11. O-O Nbd7 12. h3 Re8 13. e4 Nf8 14. Be3 Ng6 15.
Qd2 Bd7 16. Rfd1 Rac8 17. Qb2 Qb8 18. a4 h6 19. a5 Bd8 20. Qa2 h5 21. Nde2 Bc6
22. b4 Bd7 23. Na4 Bc6 24. Nec3 Ne5 25. Nb6 Bxb6 26. Bxb6 Re7 27. f4 Ng6 28.
Qf2 h4 29. g4 e5 30. b5 Bd7 31. g5 Nh5 32. Nd5 Nhxf4 33. Nxe7+ Nxe7 34. bxa6
bxa6 35. c5 Bxh3 36. cxd6 Rxc1 37. Rxc1 Qxd6 38. Bc5 Qd7 39. Bxe7 Bxg2 40. Qc5
Bh3 0-1

[Event "Monsaraz op"]
[Site "Monsaraz POR"]
[Date "2023.11.22"]
[Round "3.2"]
[White "Spraggett, Kevin"]
[Black "Albornoz Cabrera, Carlos Daniel"]
[Result "0-1"]
[WhiteElo "2480"]
[BlackElo "2585"]
[PlyCount "120"]
[EventDate "2023.11.21"]
[EventType "swiss"]
[EventRounds "9"]
[EventCountry "POR"]
[Source "ChessMix"]
[SourceDate "2023.12.01"]

1. d4 Nf6 2. c4 e6 3. Nf3 d5 4. Nc3 Bb4 5. Qa4+ Nc6 6. e3 O-O 7. Qc2 Re8 8. Bd2
a6 9. a3 Bd6 10. h3 Bd7 11. Rd1 h6 12. c5 Bf8 13. Ne5 Nxe5 14. dxe5 Ne4 15.
Nxe4 dxe4 16. Ba5 Qc8 17. g3 Bc6 18. Bg2 Rd8 19. Rxd8 Qxd8 20. Bxe4 Bxe4 21.
Qxe4 Bxc5 22. Qxb7 Rb8 23. Qxc7 Qxc7 24. Bxc7 Rxb2 25. O-O Bxa3 26. Ra1 Bb4 27.
Bd6 Bc3 28. g4 a5 29. Rc1 Rb3 30. Rc2 Kh7 31. Kg2 Kg6 32. Kf3 a4 33. Ra2 Rb2
34. Rxa4 Be1 35. Ra1 Bxf2 36. Be7 Rb7 37. Kxf2 Rxe7 38. Kf3 Rb7 39. h4 h5 40.
Rg1 hxg4+ 41. Rxg4+ Kh7 42. Rf4 Kg8 43. Rc4 Rb5 44. Rc8+ Kh7 45. Rf8 Kg6 46.
h5+ Kxh5 47. Rxf7 Kg6 48. Re7 Rxe5 49. Kf4 Rf5+ 50. Ke4 Kf6 51. Ra7 g5 52. Rh7
Kg6 53. Re7 Rf6 54. Ke5 g4 55. Re8 Kg5 56. Ke4 Kh4 57. Rg8 g3 58. Ke5 Rf5+ 59.
Kxe6 Rg5 60. Rh8+ Kg4 0-1

[Event "Monsaraz op"]
[Site "Monsaraz POR"]
[Date "2023.11.23"]
[Round "4.5"]
[White "Spraggett, Kevin"]
[Black "Audi, Ameya"]
[Result "0-1"]
[WhiteElo "2480"]
[BlackElo "2371"]
[PlyCount "124"]
[EventDate "2023.11.21"]
[EventType "swiss"]
[EventRounds "9"]
[EventCountry "POR"]
[Source "ChessMix"]
[SourceDate "2023.12.01"]

1. Nf3 Nf6 2. d4 g6 3. g3 Bg7 4. Bg2 O-O 5. O-O d6 6. a4 c6 7. Re1 Qc7 8. e4 e5
9. c3 Re8 10. Nbd2 Nbd7 11. h3 b6 12. dxe5 Nxe5 13. Nxe5 dxe5 14. Nc4 Be6 15.
Qe2 Nd7 16. b4 b5 17. Ne3 bxa4 18. Rxa4 a5 19. Bd2 axb4 20. Rxa8 Rxa8 21. cxb4
Ra2 22. Rc1 Qb6 23. Rc2 Ra1+ 24. Kh2 Bf8 25. Bc3 Ra4 26. Rb2 f6 27. Bf1 Kg7 28.
Qd1 Ra7 29. Nc4 Qc7 30. Rd2 Kh8 31. Qf3 Be7 32. h4 h5 33. Bh3 Bxh3 34. Kxh3 Kg7
35. Qe3 Ra4 36. Qd3 Nf8 37. Qc2 Ra7 38. Kh2 Qb8 39. Qb2 Qb5 40. Nd6 Qb8 41. Nc4
Qb5 42. Nd6 Qb8 43. Nc4 Rd7 44. Rxd7 Nxd7 45. Qd2 Nf8 46. Ne3 Qb5 47. g4 hxg4
48. h5 gxh5 49. Nf5+ Kf7 50. Qh6 g3+ 51. Kg2 Ke8 52. Qg7 Bxb4 53. Qxf6 gxf2 54.
Ng7+ Kd7 55. Qf5+ Kd8 56. Qxf2 Qc4 57. Qb6+ Kc8 58. Bxb4 Ng6 59. Qf2 Nf4+ 60.
Kh2 Qxb4 61. Nxh5 Qxe4 62. Nf6 Qf5 0-1

[Event "Monsaraz op"]
[Site "Monsaraz POR"]
[Date "2023.11.24"]
[Round "5.12"]
[White "Saine, Zachary"]
[Black "Spraggett, Kevin"]
[Result "0-1"]
[WhiteElo "1956"]
[BlackElo "2480"]
[PlyCount "72"]
[EventDate "2023.11.21"]
[EventType "swiss"]
[EventRounds "9"]
[EventCountry "POR"]
[Source "ChessMix"]
[SourceDate "2023.12.01"]

1. e4 g6 2. d4 Bg7 3. Nc3 c6 4. Bc4 d6 5. Be3 Nf6 6. f3 d5 7. Be2 Qb6 8. e5
Nfd7 9. Qd2 Qxb2 10. Rb1 Qa3 11. Rb3 Qa5 12. h4 h5 13. e6 fxe6 14. Bd3 Nf8 15.
f4 b6 16. Nf3 Ba6 17. O-O Bxd3 18. Qxd3 Qa6 19. Qd2 Nbd7 20. Qf2 Rc8 21. Ne5
Bf6 22. a3 Rh7 23. Na2 Qb7 24. Nc1 Qc7 25. Ncd3 Qd6 26. Rc3 Bg7 27. Qg3 Bh6 28.
Nxg6 Rg7 29. Nde5 Nxg6 30. Nxg6 Nf8 31. Qf3 Rxg6 32. f5 exf5 33. Qxf5 Qe6 34.
Bxh6 Qxf5 35. Rxf5 Rxh6 36. Rg3 Ne6 0-1

[Event "Monsaraz op"]
[Site "Monsaraz POR"]
[Date "2023.11.24"]
[Round "6.7"]
[White "Aakash Sharadchandra, Dalvi"]
[Black "Spraggett, Kevin"]
[Result "1/2-1/2"]
[WhiteElo "2114"]
[BlackElo "2480"]
[PlyCount "131"]
[EventDate "2023.11.21"]
[EventType "swiss"]
[EventRounds "9"]
[EventCountry "POR"]
[Source "ChessMix"]
[SourceDate "2023.12.01"]

1. d4 g6 2. c4 Bg7 3. e4 d6 4. Nc3 Nf6 5. Nf3 O-O 6. Be2 Na6 7. O-O e5 8. Be3
Qe7 9. d5 Ng4 10. Bg5 f6 11. Bc1 f5 12. Nd2 Nf6 13. Rb1 Nc5 14. f3 a5 15. Qc2
b6 16. exf5 gxf5 17. f4 exf4 18. Nb3 Nxb3 19. axb3 Ng4 20. Qd3 Ne5 21. Qd1 Ng6
22. Bh5 Bd7 23. Ne2 f3 24. Rxf3 Qe4 25. Bg5 f4 26. Qf1 Ne5 27. Rxf4 Rxf4 28.
Bxf4 Rf8 29. Rd1 Qf5 30. Bf3 Nxf3+ 31. Qxf3 Bxb2 32. Rf1 Qg6 33. Qe3 Bg7 34.
Ng3 Re8 35. Qd2 h5 36. Bg5 Kh7 37. h3 Rg8 38. Rf3 Be5 39. Bf4 Bg7 40. Bg5 Be5
41. Bf4 Bf6 42. Kh2 h4 43. Nf1 Bf5 44. Ne3 Be4 45. Rf2 Bg7 46. Ng4 Rf8 47. Qe1
Bf5 48. Ne3 Bd7 49. Rf3 Qh5 50. Qf2 Kg8 51. Kh1 Rf7 52. Kh2 Bd4 53. Qf1 Bg7 54.
Qf2 Re7 55. g4 hxg3+ 56. Qxg3 Rf7 57. Ng4 Kh8 58. Rf2 Qh7 59. Be3 Rxf2+ 60.
Nxf2 Bf5 61. Qg5 Qg6 62. Qh4+ Kg8 63. Qd8+ Kh7 64. Qh4+ Kg8 65. Qd8+ Kh7 66.
Qh4+ 1/2-1/2

[Event "Monsaraz op"]
[Site "Monsaraz POR"]
[Date "2023.11.26"]
[Round "7.9"]
[White "Spraggett, Kevin"]
[Black "Abhishek, Das"]
[Result "1/2-1/2"]
[WhiteElo "2480"]
[BlackElo "2258"]
[PlyCount "97"]
[EventDate "2023.11.21"]
[EventType "swiss"]
[EventRounds "9"]
[EventCountry "POR"]
[Source "ChessMix"]
[SourceDate "2023.12.01"]

1. d4 d5 2. c4 c6 3. Nf3 Nf6 4. e3 g6 5. Nc3 Bg7 6. Bd3 O-O 7. O-O dxc4 8. Bxc4
Bg4 9. h3 Bxf3 10. Qxf3 Nbd7 11. Rd1 e5 12. Bb3 Qe7 13. Bd2 Rfe8 14. dxe5 Nxe5
15. Qe2 Ned7 16. Be1 Nc5 17. Bc2 Nfe4 18. Nxe4 Nxe4 19. Rab1 Rad8 20. Qc4 Rxd1
21. Bxd1 Qc5 22. Qd3 Qd5 23. Bc2 Qxd3 24. Bxd3 Nc5 25. Bc2 Rd8 26. Kf1 b6 27.
Ke2 a5 28. g4 g5 29. Bd2 h6 30. b3 Na6 31. Be4 Nb4 32. a3 Nd5 33. Rc1 c5 34.
Rd1 Nc7 35. a4 Kf8 36. Rh1 Nd5 37. h4 Ke7 38. hxg5 hxg5 39. Bxd5 Rxd5 40. e4
Rd4 41. Bc3 Rxe4+ 42. Kd3 Rxg4 43. Bxg7 f6 44. Rh8 Kf7 45. Bf8 Rd4+ 46. Kc3 Rd8
47. Bg7 Rd4 48. Bf8 Rd8 49. Bg7 1/2-1/2

[Event "Monsaraz op"]
[Site "Monsaraz POR"]
[Date "2023.11.26"]
[Round "8.10"]
[White "Anustoop Biswas"]
[Black "Spraggett, Kevin"]
[Result "1/2-1/2"]
[WhiteElo "2256"]
[BlackElo "2480"]
[PlyCount "93"]
[EventDate "2023.11.21"]
[EventType "swiss"]
[EventRounds "9"]
[EventCountry "POR"]
[Source "ChessMix"]
[SourceDate "2023.12.01"]
[TimeControl "5400+30"]

1. e4 {[%emt 0:09:10]} c5 {[%emt 0:00:09]} 2. Nf3 {[%emt 0:00:02]} d6 {
[%emt 0:00:19]} 3. d4 {[%emt 0:00:02]} cxd4 {[%emt 0:00:07]} 4. Nxd4 {
[%emt 0:00:02]} Nf6 {[%emt 0:00:12]} 5. Nc3 {[%emt 0:00:01]} Bd7 {
[%emt 0:01:13]} 6. Be2 {[%emt 0:00:30]} Nc6 {[%emt 0:00:35]} 7. Be3 {
[%emt 0:00:16]} e6 {[%emt 0:00:57]} 8. O-O {[%emt 0:00:40]} a6 {[%emt 0:01:48]}
9. Qd2 {[%emt 0:07:26]} Be7 {[%emt 0:02:32]} 10. f3 {[%emt 0:01:17]} O-O {
[%emt 0:03:06]} 11. a4 {[%emt 0:00:42]} Qc7 {[%emt 0:03:09]} 12. Nxc6 {
[%emt 0:01:17]} bxc6 {[%emt 0:01:06]} 13. a5 {[%emt 0:07:36]} c5 {
[%emt 0:01:08]} 14. Na4 {[%emt 0:00:03]} Bxa4 {[%emt 0:03:57]} 15. Rxa4 {
[%emt 0:00:46]} d5 {[%emt 0:00:09]} 16. exd5 {[%emt 0:01:34]} exd5 {
[%emt 0:00:35]} 17. Bg5 {[%emt 0:00:43]} Qc6 {[%emt 0:07:59]} 18. b3 {
[%emt 0:01:50]} Rfe8 {[%emt 0:00:40]} 19. Rd1 {[%emt 0:00:31]} Rad8 {
[%emt 0:03:36]} 20. Bf1 {[%emt 0:08:17]} Nh5 {[%emt 0:12:40]} 21. Rh4 {
[%emt 0:04:10]} Bxg5 {[%emt 0:02:16]} 22. Qxg5 {[%emt 0:00:15]} Nf6 {
[%emt 0:00:16]} 23. Bd3 {[%emt 0:01:42]} Rd6 {[%emt 0:00:20]} 24. Qg3 {
[%emt 0:02:42]} Rde6 {[%emt 0:00:43]} 25. Qf4 {[%emt 0:13:16]} Re5 {
[%emt 0:04:57]} 26. Qg3 {[%emt 0:00:34]} g6 {[%emt 0:00:57]} 27. Qf2 {
[%emt 0:00:39]} Qd6 {[%emt 0:05:45]} 28. Qf1 {[%emt 0:08:57]} R5e6 {
[%emt 0:09:06]} 29. Ra4 {[%emt 0:01:28]} d4 {[%emt 0:04:32]} 30. Bc4 {
[%emt 0:00:38]} Nd5 {[%emt 0:00:16]} 31. Bxd5 {[%emt 0:00:03]} Qxd5 {
[%emt 0:00:04]} 32. Raa1 {[%emt 0:03:16]} Qf5 {[%emt 0:02:23]} 33. Rd2 {
[%emt 0:01:34]} h5 {[%emt 0:00:38]} 34. Rad1 {[%emt 0:01:24]} Qg5 {
[%emt 0:02:45]} 35. h3 {[%emt 0:01:56]} Qe3+ {[%emt 0:03:46]} 36. Kh1 {
[%emt 0:04:29]} Qc3 {[%emt 0:01:01]} 37. f4 {[%emt 0:00:55]} Qxa5 {
[%emt 0:04:42]} 38. f5 {[%emt 0:00:13]} Rf6 {[%emt 0:01:12]} 39. Rf2 {
[%emt 0:00:02]} g5 {[%emt 0:00:15]} 40. Re2 {[%emt 0:02:51]} Rxe2 {
[%emt 0:08:21]} 41. Qxe2 {[%emt 0:00:04]} Rxf5 {[%emt 0:00:13]} 42. Qe4 {
[%emt 0:02:39]} Rf6 {[%emt 0:00:25]} 43. Qe5 {[%emt 0:00:06]} Rg6 {
[%emt 0:00:21]} 44. Qe8+ {[%emt 0:01:43]} Kg7 {[%emt 0:00:58]} 45. Qe5+ {
[%emt 0:00:01]} Kg8 {[%emt 0:03:41]} 46. Qe8+ {[%emt 0:00:14]} Kg7 {
[%emt 0:00:06]} 47. Qe5+ {[%emt 0:00:01]} 1/2-1/2

[Event "Monsaraz op"]
[Site "Monsaraz POR"]
[Date "2023.11.27"]
[Round "9.8"]
[White "Spraggett, Kevin"]
[Black "Priyanka, Nutakki"]
[Result "0-1"]
[WhiteElo "2480"]
[BlackElo "2281"]
[PlyCount "62"]
[EventDate "2023.11.21"]
[EventType "swiss"]
[EventRounds "9"]
[EventCountry "POR"]
[Source "ChessMix"]
[SourceDate "2023.12.01"]

1. d4 Nf6 2. c4 e6 3. Nf3 d5 4. Nc3 Bb4 5. Bg5 h6 6. Bh4 g5 7. Bg3 Ne4 8. Nd2
Nxc3 9. bxc3 Bxc3 10. Rc1 Bxd4 11. cxd5 Qxd5 12. e4 Qd8 13. Bxc7 Qd7 14. h4 Nc6
15. Bg3 gxh4 16. Bxh4 Qd6 17. Qb3 Be5 18. Bb5 Bd7 19. Nc4 Qc5 20. O-O Bf4 21.
Rc3 O-O 22. Bf6 Qh5 23. Rh3 Qg6 24. Ba1 e5 25. Rd3 Be6 26. Bxc6 bxc6 27. Qc2
Kh7 28. Re1 Rg8 29. g3 Qh5 30. Ne3 Qh3 31. Ng2 Rg5 0-1

[Event "Lagos op"]
[Site "Lagos POR"]
[Date "2023.10.28"]
[Round "1.3"]
[White "Pena, Helio Adelino Silva"]
[Black "Spraggett, Kevin"]
[Result "0-1"]
[WhiteElo "1833"]
[BlackElo "2480"]
[PlyCount "100"]
[EventDate "2023.10.28"]
[EventType "swiss"]
[EventRounds "9"]
[EventCountry "POR"]
[Source "ChessMix"]
[SourceDate "2023.11.10"]

1. e4 c5 2. Nf3 e6 3. d4 cxd4 4. Nxd4 Nf6 5. Bd3 Nc6 6. c3 d6 7. h3 g6 8. O-O
Bg7 9. Bg5 h6 10. Bh4 O-O 11. Na3 e5 12. Ne2 a6 13. Nc2 g5 14. Bg3 d5 15. exd5
Nxd5 16. Be4 Be6 17. c4 Nf4 18. Bxf4 exf4 19. Bd5 Bxb2 20. Rb1 Qf6 21. Ne1 Bc8
22. Nd3 Be5 23. Nc5 Rb8 24. g4 Kg7 25. Qd3 Qe7 26. Bxc6 Qxc5 27. Qd5 Qe7 28.
Ba4 Rd8 29. Qe4 Bf6 30. Qxe7 Bxe7 31. Rfd1 Be6 32. Bb3 Bf6 33. Kf1 Rdc8 34.
Rbc1 Rc5 35. Nd4 Bxd4 36. Rxd4 b5 37. Ke2 a5 38. a4 bxa4 39. Ba2 Rb2+ 40. Rd2
Rxa2 41. Rxa2 Bxc4+ 42. Rxc4 Rxc4 43. Ra3 Kf6 44. Kf3 Rb4 45. Kg2 Ke5 46. h4
Kd4 47. Ra1 Kc3 48. hxg5 hxg5 49. Rc1+ Kb2 50. Rc5 a3 0-1

[Event "Lagos op"]
[Site "Lagos POR"]
[Date "2023.10.29"]
[Round "2.3"]
[White "Spraggett, Kevin"]
[Black "Silverio, Luis"]
[Result "1/2-1/2"]
[WhiteElo "2480"]
[BlackElo "2038"]
[PlyCount "63"]
[EventDate "2023.10.28"]
[EventType "swiss"]
[EventRounds "9"]
[EventCountry "POR"]
[Source "ChessMix"]
[SourceDate "2023.11.10"]

1. d4 f5 2. Nf3 Nf6 3. c4 g6 4. g3 Bg7 5. Bg2 O-O 6. O-O d6 7. Nc3 Qe8 8. Re1
Qf7 9. e4 Nxe4 10. Nxe4 fxe4 11. Rxe4 Nc6 12. d5 Ne5 13. Rf4 Qe8 14. Qb3 Nxf3+
15. Bxf3 Rb8 16. Be3 Rxf4 17. Bxf4 Bd7 18. Re1 Bf6 19. c5 Qd8 20. h4 Kh8 21.
Be3 a5 22. Bg2 Bf5 23. cxd6 exd6 24. Bd2 b6 25. Bc3 Kg8 26. Bf1 Qf8 27. Qc4
Bxc3 28. Qxc3 Qf7 29. Bg2 Rd8 30. a3 Rd7 31. Qe3 Kf8 32. g4 1/2-1/2

[Event "Lagos op"]
[Site "Lagos POR"]
[Date "2023.10.29"]
[Round "3.3"]
[White "Loiacono, Leonardo"]
[Black "Spraggett, Kevin"]
[Result "1/2-1/2"]
[WhiteElo "2289"]
[BlackElo "2480"]
[PlyCount "42"]
[EventDate "2023.10.28"]
[EventType "swiss"]
[EventRounds "9"]
[EventCountry "POR"]
[Source "ChessMix"]
[SourceDate "2023.11.10"]

1. e4 c5 2. Nf3 e6 3. d4 cxd4 4. Nxd4 Nf6 5. Bd3 Nc6 6. Nxc6 bxc6 7. O-O d5 8.
Nd2 Be7 9. b3 O-O 10. Bb2 a5 11. Re1 a4 12. c4 axb3 13. Qxb3 Ba6 14. Qc2 h6 15.
Rad1 Bb4 16. a3 Be7 17. cxd5 cxd5 18. Bxa6 Rxa6 19. Bxf6 Bxf6 20. exd5 exd5 21.
Ne4 Rxa3 1/2-1/2

[Event "Lagos op"]
[Site "Lagos POR"]
[Date "2023.10.30"]
[Round "4.5"]
[White "Spraggett, Kevin"]
[Black "Wojdak, Jan"]
[Result "1-0"]
[WhiteElo "2480"]
[BlackElo "2188"]
[PlyCount "85"]
[EventDate "2023.10.28"]
[EventType "swiss"]
[EventRounds "9"]
[EventCountry "POR"]
[Source "ChessMix"]
[SourceDate "2023.11.10"]

1. d4 d5 2. c4 e6 3. Nf3 Nf6 4. Nc3 Be7 5. Bf4 O-O 6. a3 c5 7. dxc5 Bxc5 8. e3
Nc6 9. Qc2 Be7 10. Rd1 Qa5 11. Be2 Ne4 12. cxd5 Nxc3 13. bxc3 exd5 14. O-O Be6
15. Rb1 Qxa3 16. Rxb7 Bf6 17. Nd4 Nxd4 18. cxd4 Rfc8 19. Qb1 a5 20. Qa1 Be7 21.
h3 Bf8 22. Qxa3 Bxa3 23. Ra1 Bb4 24. g4 Bc3 25. Ra3 Bb4 26. Ra2 Rc1+ 27. Kg2
Rac8 28. Ra7 Kf8 29. Ba6 R8c3 30. Ra8+ Ke7 31. Bb5 Rc8 32. Ra7+ Kf8 33. Ba4 Rb1
34. Bc7 h5 35. gxh5 Rc1 36. Bxa5 Bxa5 37. Rxa5 Re1 38. Bb3 Rcc1 39. Bxd5 Rg1+
40. Kf3 Bxh3 41. Ra8+ Ke7 42. R2a7+ Bd7 43. Bxf7 1-0

[Event "Lagos op"]
[Site "Lagos POR"]
[Date "2023.10.31"]
[Round "5.3"]
[White "Wegener, Olaf"]
[Black "Spraggett, Kevin"]
[Result "1/2-1/2"]
[WhiteElo "2406"]
[BlackElo "2480"]
[PlyCount "30"]
[EventDate "2023.10.28"]
[EventType "swiss"]
[EventRounds "9"]
[EventCountry "POR"]
[Source "ChessMix"]
[SourceDate "2023.11.10"]

1. e4 c5 2. Nf3 d6 3. Bb5+ Bd7 4. Bxd7+ Nxd7 5. O-O Ngf6 6. Qe2 e5 7. c4 g6 8.
d3 Bg7 9. Nc3 Nf8 10. Bg5 Ne6 11. Bxf6 Bxf6 12. Ne1 O-O 13. g3 Bg7 14. Nd5 Nd4
15. Qd1 Qd7 1/2-1/2

[Event "Lagos op"]
[Site "Lagos POR"]
[Date "2023.11.01"]
[Round "6.2"]
[White "Spraggett, Kevin"]
[Black "Audi, Ameya"]
[Result "1/2-1/2"]
[WhiteElo "2480"]
[BlackElo "2372"]
[PlyCount "76"]
[EventDate "2023.10.28"]
[EventType "swiss"]
[EventRounds "9"]
[EventCountry "POR"]
[Source "ChessMix"]
[SourceDate "2023.11.10"]

1. d4 Nf6 2. c4 g6 3. Nc3 Bg7 4. e4 d6 5. Nf3 O-O 6. Be2 e5 7. O-O Na6 8. Be3
Qe7 9. dxe5 dxe5 10. Nd5 Qd8 11. Qc2 c6 12. Nc3 Ng4 13. Bg5 f6 14. Rad1 Qe7 15.
Bc1 Kh8 16. h3 Nh6 17. Rfe1 Nf7 18. a3 Nc7 19. b4 Bh6 20. Bxh6 Nxh6 21. c5 Nf7
22. Nb1 Be6 23. Nbd2 Rad8 24. Nc4 Kg7 25. Na5 Bc8 26. Bc4 Ne6 27. Rxd8 Rxd8 28.
Rd1 Qc7 29. Rxd8 Nfxd8 30. Qd2 b6 31. cxb6 axb6 32. Nb3 b5 33. Bf1 Nf7 34. h4
Qa7 35. Na5 Qb6 36. Nb3 Qa7 37. Na5 Qb6 38. Nb3 Qa7 1/2-1/2

[Event "Lagos op"]
[Site "Lagos POR"]
[Date "2023.11.02"]
[Round "7.2"]
[White "Safarli, Eltaj"]
[Black "Spraggett, Kevin"]
[Result "1/2-1/2"]
[WhiteElo "2612"]
[BlackElo "2480"]
[PlyCount "145"]
[EventDate "2023.10.28"]
[EventType "swiss"]
[EventRounds "9"]
[EventCountry "POR"]
[Source "ChessMix"]
[SourceDate "2023.11.10"]

1. e4 c5 2. Nf3 e6 3. d4 cxd4 4. Nxd4 Nf6 5. Bd3 Nc6 6. Nxc6 bxc6 7. O-O d5 8.
e5 Nd7 9. Re1 g6 10. Nd2 a5 11. Nf3 Ba6 12. Bxa6 Rxa6 13. c4 Bg7 14. Bg5 Qb8
15. cxd5 cxd5 16. Qa4 Qb7 17. Qa3 Bf8 18. Qe3 Bg7 19. Bh6 O-O 20. h4 Qb6 21.
Qg5 f6 22. exf6 Bxh6 23. Qxh6 Nxf6 24. Re2 Ra7 25. Qe3 Qxe3 26. Rxe3 Ne4 27.
Rc1 Rb7 28. b3 a4 29. Nd4 axb3 30. axb3 e5 31. Ne6 Re8 32. Rc7 Rb6 33. Ng7 Rf8
34. f3 Nf6 35. Rxe5 Rf7 36. Ne8 Rxc7 37. Nxc7 Rxb3 38. Nxd5 Nxd5 39. Rxd5 h5
40. Kh2 Rb4 41. Kg3 Kf7 42. Re5 Kf6 43. Re4 Rb2 44. Rf4+ Kg7 45. Kh3 Ra2 46.
Rb4 Kf6 47. Rb6+ Kf7 48. Rc6 Rb2 49. Rc3 Rb4 50. g4 hxg4+ 51. fxg4 Ra4 52. Rc7+
Kg8 53. Kg3 Rb4 54. Kf3 Ra4 55. Re7 Rb4 56. Re4 Rb5 57. Ra4 Kf7 58. Ra7+ Kf6
59. g5+ Ke6 60. Ra6+ Kf7 61. Ke4 Rb4+ 62. Ke5 Rxh4 63. Ra7+ Kg8 64. Kf6 Rf4+
65. Kxg6 Rf8 66. Kh6 Rb8 67. Rg7+ Kh8 68. Rf7 Kg8 69. Rf6 Ra8 70. g6 Rb8 71. g7
Ra8 72. Kg6 Ra6 73. Rxa6 1/2-1/2

[Event "Lagos op"]
[Site "Lagos POR"]
[Date "2023.11.03"]
[Round "8.4"]
[White "Spraggett, Kevin"]
[Black "Tomaszewski, Kacper"]
[Result "0-1"]
[WhiteElo "2480"]
[BlackElo "2307"]
[PlyCount "70"]
[EventDate "2023.10.28"]
[EventType "swiss"]
[EventRounds "9"]
[EventCountry "POR"]
[Source "ChessMix"]
[SourceDate "2023.11.10"]

1. d4 g6 2. e4 Bg7 3. Nc3 d5 4. exd5 Nf6 5. Bb5+ Nbd7 6. Nf3 O-O 7. O-O Nb6 8.
h3 Nbxd5 9. Nxd5 Qxd5 10. Qe2 Qe6 11. Re1 a6 12. Bd3 Re8 13. Ne5 Qd6 14. c3 Nd7
15. f4 c5 16. Be3 cxd4 17. Bxd4 Nxe5 18. fxe5 Qc6 19. Be4 Qc7 20. Bd5 e6 21.
Bf3 Bd7 22. Qe3 Bc6 23. Bb6 Qc8 24. Be2 Qd7 25. Rad1 Qe7 26. Qf4 Rec8 27. a4 a5
28. Rf1 Qe8 29. b3 Qe7 30. Bc4 Bd5 31. Bb5 Rxc3 32. Rc1 Rac8 33. Rxc3 Rxc3 34.
Bxa5 Rc2 35. Rf2 Rxf2 0-1

[Event "Lagos op"]
[Site "Lagos POR"]
[Date "2023.11.04"]
[Round "9.9"]
[White "Andias, Joao Pedro Menezes"]
[Black "Spraggett, Kevin"]
[Result "0-1"]
[WhiteElo "2069"]
[BlackElo "2480"]
[PlyCount "110"]
[EventDate "2023.10.28"]
[EventType "swiss"]
[EventRounds "9"]
[EventCountry "POR"]
[Source "ChessMix"]
[SourceDate "2023.11.10"]

1. e4 c5 2. Nf3 e6 3. d4 cxd4 4. Qxd4 Nc6 5. Qe3 Be7 6. e5 Nh6 7. Bd3 Ng4 8.
Qf4 Ngxe5 9. Nxe5 Qa5+ 10. Nc3 Qxe5+ 11. Qxe5 Nxe5 12. Be2 O-O 13. f4 Nc6 14.
Be3 d5 15. O-O-O Bd7 16. Bg4 Rfd8 17. Rhe1 g6 18. Bh3 h5 19. a3 Bf6 20. Nb5 Na5
21. Nd4 Nc4 22. Bf2 Nd6 23. g3 b5 24. Nb3 a5 25. Nc5 Bc6 26. Bd4 Bxd4 27. Rxd4
Ne4 28. Nd3 Rdc8 29. Ne5 Kg7 30. Bf1 Be8 31. Bd3 Nc5 32. Kd2 Rc7 33. b4 axb4
34. axb4 Nb7 35. h3 Nd6 36. g4 hxg4 37. hxg4 f6 38. Nf3 Bf7 39. g5 Rh8 40. Ra1
Rh3 41. Ke2 Nf5 42. Bxf5 gxf5 43. gxf6+ Kxf6 44. Ne1 Bh5+ 45. Kd2 Rh2+ 46. Kc1
Rf2 47. Ra6 Re2 48. Nd3 Rcxc2+ 49. Kb1 Rcd2 50. Kc1 Rc2+ 51. Kb1 Rh2 52. Rxd5
Rce2 53. Rxb5 Bf3 54. Re5 Rh1+ 55. Nc1 Be4+ 0-1

[Event "Sabir Ali Cup"]
[Site "Figueira da Foz POR"]
[Date "2022.11.06"]
[Round "1.3"]
[White "Roque, Armando"]
[Black "Spraggett, Kevin"]
[Result "0-1"]
[WhiteElo "1910"]
[BlackElo "2472"]
[PlyCount "58"]
[EventDate "2022.11.06"]
[EventType "swiss"]
[EventRounds "9"]
[EventCountry "POR"]
[Source "ChessMix"]
[SourceDate "2022.11.20"]

1. d4 Nf6 2. c4 d6 3. Nc3 Nbd7 4. g3 g6 5. Bg2 Bg7 6. e4 e5 7. d5 a6 8. Nge2
O-O 9. O-O Rb8 10. a4 a5 11. b3 Nc5 12. Rb1 c6 13. f3 cxd5 14. cxd5 Bd7 15. Be3
Rc8 16. Qd2 Ne8 17. Kh1 Nc7 18. Rfc1 N7a6 19. Nb5 Bxb5 20. axb5 Nb4 21. Nc3 f5
22. Bf1 b6 23. Na4 Rb8 24. Nxc5 bxc5 25. Ra1 f4 26. Bf2 fxg3 27. Bxg3 Rxf3 28.
Bh3 Rxb5 29. Be6+ Kh8 0-1

[Event "Sabir Ali Cup"]
[Site "Figueira da Foz POR"]
[Date "2022.11.07"]
[Round "2.3"]
[White "Spraggett, Kevin"]
[Black "Hoffmann, Max"]
[Result "1-0"]
[WhiteElo "2472"]
[BlackElo "2140"]
[PlyCount "45"]
[EventDate "2022.11.06"]
[EventType "swiss"]
[EventRounds "9"]
[EventCountry "POR"]
[Source "ChessMix"]
[SourceDate "2022.11.20"]

1. d4 Nf6 2. c4 g6 3. Nc3 Bg7 4. e4 d6 5. Nf3 O-O 6. Be2 e5 7. Be3 Na6 8. O-O
Ng4 9. Bg5 Qe8 10. h3 f6 11. Bc1 Nh6 12. Rb1 exd4 13. Nxd4 Nc5 14. Bf3 a5 15.
Ndb5 Qd8 16. Be3 Ne6 17. Qd2 Nf7 18. Rbd1 f5 19. exf5 gxf5 20. Be2 f4 21. Bxf4
Nxf4 22. Qxf4 Ne5 23. Qg3 1-0